000
00324nam a22001337a 4500
008
181206b xxu||||| |||| 00| 0 eng d
020
_a
9780070376861
041
_a
eng
080
_2
4th
_a
541
100
_a
12
101
_a
KIM
245
_a
Solutions Manual to Accompany Physical Chemistry
_c
Levine,I.N
942
_2
udc
_c
BK
999
_c
52943
_d
52943